| 000 | 00932nam a22002777a 4500 | ||
|---|---|---|---|
| 001 | 7625 | ||
| 003 | FISKH | ||
| 005 | 20250728112439.0 | ||
| 008 | 250728b cb ||||| |||| 00| 0 eng d | ||
| 020 | _a076714002258 | ||
| 040 |
_aFISKH _beng _cFISKH _dFISKH |
||
| 050 | _aPZ7.G759 W | ||
| 100 | _aGrahame, Kenneth | ||
| 245 |
_aThe wind in the willows : _bThe wild wood / _cBy Kenneth Grahame : Illustrated by val Biro |
||
| 260 |
_aNew York : _bSimon & Schuster, Inc., _c1984. |
||
| 300 |
_a31 unnumbered pages : _bcolor illustrations ; _c21 cm . |
||
| 505 | _aJ | ||
| 520 | _aMole and Rat become lost in a snowstorm after leaving the river bank to visit Badger in the Wild Wood. | ||
| 521 | 8 |
_a500
_bLexile estimate |
|
| 521 | 8 |
_aJ
_bRaz-Plus |
|
| 650 |
_aMole _vJuvenile Fiction |
||
| 650 |
_aRat _vJuvenile Fiction |
||
| 700 |
_aBiro, Val _eIllustrator |
||
| 942 |
_2ddc _cBK _n0 |
||
| 999 |
_c7625 _d7625 |
||